| 000 | 00544nam a22001817a 4500 | ||
|---|---|---|---|
| 005 | 20251108165541.0 | ||
| 008 | 250721s1987 xx 000 0 ara d | ||
| 082 | 1 | 4 | _aم/413.3/أصم |
| 100 | 1 | _aالأصمعي، أبو سعيد عبد الملك بن قريب | |
| 245 | 1 | 0 | _aكتاب الشاء / |
| 264 | 1 |
_aبيروت : _bدار أسامة، _c1987. |
|
| 300 | _a112ص | ||
| 650 | 1 | 7 | _aاللغة العربية |
| 650 | 1 | 7 | _aالقواميس |
| 700 | 1 |
_aالتميمي، صبيح _eتحقيق |
|
| 942 |
_2ddc _cREF |
||
| 999 |
_c30573 _d30573 |
||